Positive background of Hindu sociology: introduction to Hindu positivism (Record no. 353569)

000 -LEADER
fixed length control field 00365cam a22001217a 4500
008 - FIXED-LENGTH DATA ELEMENTS--GENERAL INFORMATION
fixed length control field 180718b1985 xxu||||| |||| 00| 0 eng d
082 ## - DEWEY DECIMAL CLASSIFICATION NUMBER
Classification number AB45 Sa73
100 ## - MAIN ENTRY--PERSONAL NAME
Personal name Sarkar, B.K.
245 ## - TITLE STATEMENT
Title Positive background of Hindu sociology: introduction to Hindu positivism
Statement of responsibility, etc. by B.K. Sarkar
260 ## - PUBLICATION, DISTRIBUTION, ETC.
Place of publication, distribution, etc. Delhi
Name of publisher, distributor, etc. Motilal Banarsidass
Date of publication, distribution, etc. 1985
300 ## - PHYSICAL DESCRIPTION
Extent 697p.
650 ## - SUBJECT ADDED ENTRY--TOPICAL TERM
Topical term or geographic name entry element Hinduism
Holdings
Withdrawn status Lost status Damaged status Not for loan Permanent Location Current Location Date acquired Full call number Barcode Date last seen Price effective from Koha item type
        Indian Institute of Public Administration Indian Institute of Public Administration 1993-12-03 AB45 Sa73 62498 2018-07-21 2018-07-21 Book

Powered by Koha